Drag Race queens with the most wins - Statistics

General Stats
  • This quiz has been taken 65 times
  • The average score is 11 of 15
Answer Stats
Hint Answer % Correct
11 Trinity The Tuck
96%
7 Jinkx Monsoon
91%
6 Monet X Change
89%
8 Shea Coulee
89%
6 Alaska
81%
7 BenDeLaCreme
79%
5 Raja
79%
5 Jaida Essence Hall
72%
7 Manila Luzon
68%
6 The Vivienne
68%
5 Ginger Minj
67%
5 Katya
58%
5 Shangela
58%
5 Chad Michaels
47%
5 Angele Anang
30%
No matching quizzes found
Score Distribution
Percent of People with Each Score
Percentile by Number Answered
Your Score History
You have not taken this quiz